000 00262nam a22001097a 4500
100 _aRichards, Norah
245 _aLife & work of sir S.S Bhatnagar
250 _a2004
260 _bNational inst of sci,Tech,Development studies
300 _a270
942 _2ddc
_cBB
999 _c8971
_d8971